[Event "38th Nezhmetdinov Mem"]
[Site "Kazan RUS"]
[Date "2016.06.06"]
[Round "7.47"]
[White "Gilyazitdinov, Nikita"]
[Black "Gismatullin, Sayar"]
[Result "1-0"]
[WhiteElo "2065"]
[BlackElo "1875"]
[WhiteFideId "4184106"]
[BlackFideId "34110930"]
[EventDate "2016.05.31"]

1. c4 e5 2. Nc3 Nf6 3. g3 Bb4 4. Bg2 Bxc3 5. dxc3 d6 6. Nf3 O-O 7. O-O Nc6 8. b3
h6 9. Qc2 Be6 10. Rd1 Qc8 11. a4 a5 12. Ba3 Bf5 13. Qc1 Bh7 14. Ne1 Rd8 15. Nc2
Ne4 16. Ne3 f5 17. Nd5 b6 18. Qe3 Rf8 19. Bxe4 fxe4 20. Nxc7 Qxc7 21. Bxd6 Qb7
22. Bxf8 Rxf8 23. Rd6 Ne7 24. Qxb6 Qc8 25. Rad1 e3 26. f3 Qf5 27. Qxe3 Qf7 28.
Rd8 Bc2 29. Rxf8+ Qxf8 30. Rd2 Bxb3 31. Qb6 Bxa4 32. Rd8 Be8 33. Qxa5 Nc6 34.
Qd5+ Kh7 35. Qxc6 1-0

[Event "38th Nezhmetdinov Mem"]
[Site "Kazan RUS"]
[Date "2016.06.06"]
[Round "7.48"]
[White "Elkin, Leonid"]
[Black "Zharkov, Nikolay"]
[Result "1-0"]
[WhiteElo "2055"]
[BlackElo "1629"]
[WhiteFideId "13501240"]
[BlackFideId "54193648"]
[EventDate "2016.05.31"]

1. e4 g6 2. d4 Bg7 3. Nf3 d6 4. c4 Nd7 5. Nc3 Ngf6 6. Be2 O-O 7. O-O c5 8. d5 a6
9. a4 Rb8 10. Ne1 Re8 11. f4 Nf8 12. Bd3 e6 13. Nf3 exd5 14. exd5 Bd7 15. Qc2
Qc7 16. Bd2 b5 17. axb5 axb5 18. Nxb5 Bxb5 19. cxb5 Nxd5 20. f5 Rec8 21. fxg6
hxg6 22. Ng5 c4 23. Be4 Nf6 24. Bc6 Qb6+ 25. Kh1 Rxc6 26. bxc6 Qxc6 27. Bc3 d5
28. Ra7 N8d7 29. Qf2 Rf8 30. Rxd7 Nxd7 31. Qh4 Ra8 32. Qh7+ Kf8 33. Qxg7+ Ke8
34. Qxf7+ Kd8 35. h3 Kc8 36. Qe6 Qxe6 37. Nxe6 Ra6 38. Nf4 Rd6 1-0

[Event "38th Nezhmetdinov Mem"]
[Site "Kazan RUS"]
[Date "2016.06.06"]
[Round "7.49"]
[White "Pogorelskikh, Sofia"]
[Black "Kolbyshev, Sergei"]
[Result "0-1"]
[WhiteElo "1744"]
[BlackElo "2054"]
[WhiteFideId "44164548"]
[BlackFideId "34107646"]
[EventDate "2016.05.31"]

1. e4 e6 2. d4 d5 3. Nc3 Bb4 4. e5 b6 5. Qg4 Bf8 6. Be3 Ba6 7. Nf3 Bxf1 8. Rxf1
Ne7 9. Ng5 Nf5 10. Qf3 Nh6 11. Qh3 Qd7 12. f4 Be7 13. g4 Bxg5 14. fxg5 Ng8 15.
g6 fxg6 16. Qf3 Nh6 17. Bxh6 gxh6 18. Qf6 Rg8 19. Qh4 Nc6 20. O-O-O Qe7 21. Qxh6
O-O-O 22. Rf6 Rdf8 23. Nxd5 exd5 24. Rxc6 Rf3 25. Rd3 Rf1+ 26. Rd1 Rxd1+ 27.
Kxd1 Qd7 28. Rf6 Qxg4+ 29. Ke1 Qxd4 30. Rf8+ Rxf8 31. Qxf8+ Kb7 32. Qg8 Qg1+ 33.
Ke2 Qxh2+ 34. Kd3 Qh3+ 35. Ke2 Qg2+ 36. Kd3 Qf1+ 37. Kd2 Qf4+ 38. Kd3 Qc4+ 39.
Kd2 Qb4+ 40. Kd3 Qe4+ 41. Kd2 Qf4+ 42. Kd3 Qf5+ 43. Kd2 Qg5+ 44. Kd3 Qg3+ 45.
Kd2 Qf2+ 46. Kd3 d4 47. e6 Qe3+ 48. Kc4 Qe4 49. Kb3 Qd5+ 50. Ka3 Qc5+ 51. Kb3 b5
52. c3 d3 53. a4 Qc4+ 0-1

[Event "38th Nezhmetdinov Mem"]
[Site "Kazan RUS"]
[Date "2016.06.06"]
[Round "7.51"]
[White "Karamov, Stepan"]
[Black "Matskevich, Ivan"]
[Result "0-1"]
[WhiteElo "1785"]
[BlackElo "1976"]
[WhiteFideId "24198145"]
[BlackFideId "34191930"]
[EventDate "2016.05.31"]

1. d4 c5 2. d5 e6 3. c4 exd5 4. cxd5 Nf6 5. Nc3 d6 6. e4 g6 7. f4 Bg7 8. Bb5+
Nfd7 9. a4 O-O 10. Nf3 Na6 11. O-O Nc7 12. Bc4 Re8 13. Qc2 Rb8 14. Nb5 Nb6 15.
Bd2 Nxc4 16. Qxc4 a6 17. Nxc7 Qxc7 18. Bc3 b5 19. axb5 axb5 20. Qe2 f6 21. b3 b4
22. Bb2 Bf5 23. Nd2 Bxe4 24. Nxe4 f5 25. Bxg7 Rxe4 26. Qb2 Qxg7 27. Qxg7+ Kxg7
28. Ra7+ Kf6 29. Rd7 Rb6 30. g3 Re7 31. Rxe7 Kxe7 32. Ra1 Rb7 33. Kf2 Kd8 34.
Ra6 Rd7 35. Kf3 Kc7 36. Rc6+ Kd8 37. Ra6 Kc7 38. Rc6+ Kb7 39. h3 Rc7 40. Rxd6 c4
41. Re6 cxb3 42. Re2 Rc3+ 0-1

[Event "38th Nezhmetdinov Mem"]
[Site "Kazan RUS"]
[Date "2016.06.06"]
[Round "7.52"]
[White "Smougalev, Gennady"]
[Black "Shkalikova, Marina"]
[Result "1-0"]
[WhiteTitle "FM"]
[WhiteElo "2161"]
[BlackElo "1823"]
[WhiteFideId "4122410"]
[BlackFideId "34111333"]
[EventDate "2016.05.31"]

1. d4 d5 2. c4 c6 3. Nf3 Nf6 4. e3 e6 5. Qc2 Nbd7 6. b3 Bd6 7. Bb2 O-O 8. Bd3
Re8 9. Ne5 dxc4 10. bxc4 c5 11. Nd2 b6 12. Ne4 Bxe5 13. dxe5 Nxe4 14. Bxe4 Rb8
15. Bxh7+ Kh8 16. Be4 b5 17. cxb5 Qa5+ 18. Bc3 Qxb5 19. Rb1 Qc4 20. Rxb8 Nxb8
21. Bd3 Qd5 22. O-O Bb7 23. f3 Nc6 24. Qe2 Rd8 25. Be4 Qd7 26. Rb1 Ba8 27. Qb5
Rc8 28. Qc4 Nb4 29. Bxa8 Rxa8 30. Bxb4 cxb4 31. Qxb4 Qd3 32. Re1 Rc8 33. Qd4 Qa3
34. Re2 Qc1+ 35. Kf2 Rc2 36. Qd8+ Kh7 37. Qd3+ 1-0

[Event "38th Nezhmetdinov Mem"]
[Site "Kazan RUS"]
[Date "2016.06.06"]
[Round "7.53"]
[White "Mamontova, Anastasia"]
[Black "Kurninov, Andrei"]
[Result "0-1"]
[WhiteElo "2065"]
[BlackElo "1772"]
[WhiteFideId "34100234"]
[BlackFideId "4178963"]
[EventDate "2016.05.31"]

1. d4 Nf6 2. c4 c5 3. d5 e6 4. Nc3 exd5 5. cxd5 d6 6. e4 g6 7. f4 Bg7 8. Nf3 a6
9. a4 Bg4 10. Bd3 O-O 11. O-O Qc7 12. Re1 Nbd7 13. h3 Bxf3 14. Qxf3 Rfe8 15. Bc2
c4 16. Kh1 Qc5 17. Bd2 b6 18. Nd1 Rab8 19. Rc1 b5 20. b3 Qa3 21. axb5 axb5 22.
bxc4 Qxf3 23. gxf3 bxc4 24. Ba4 Rec8 25. e5 Nxd5 26. Bxd7 Rc7 27. Ba4 dxe5 28.
fxe5 Ra8 29. Bc2 c3 30. Bg5 Nb4 31. Be4 Ra3 32. Rb1 Bf8 33. Bc1 Ra2 34. Rb3 c2
35. Ne3 Ra1 36. Nd5 Nxd5 37. Rb8 Ne3 38. Kh2 Kg7 39. Rb3 Nd1 40. Bb2 c1=Q 41.
Bxc1 Raxc1 42. Bd5 R1c2+ 43. Kg3 Nc3 44. Be4 Ne2+ 45. Kf2 Nd4+ 46. Bxc2 Rxc2+
47. Ke3 Nxb3 0-1

[Event "38th Nezhmetdinov Mem"]
[Site "Kazan RUS"]
[Date "2016.06.06"]
[Round "7.54"]
[White "Chumak, Dmitrii"]
[Black "Mirzaeva, Gulnara"]
[Result "0-1"]
[WhiteElo "1826"]
[BlackElo "1973"]
[WhiteFideId "34106658"]
[BlackFideId "24178780"]
[EventDate "2016.05.31"]

1. e4 c5 2. Nf3 Nc6 3. d4 cxd4 4. Nxd4 g6 5. Nc3 Bg7 6. Be3 Nf6 7. f3 O-O 8. Qd2
d5 9. exd5 Nxd5 10. Nxd5 Qxd5 11. Nxc6 Qxc6 12. c3 Bf5 13. Be2 Rfd8 14. Qc1 h5
15. O-O h4 16. Qe1 h3 17. g3 Qe6 18. Qf2 a6 19. Rfe1 Qc6 20. Rad1 b5 21. a3 a5
22. g4 Be6 23. Qh4 Rxd1 24. Rxd1 Bc4 25. Kf2 b4 26. Bxc4 Qxc4 27. axb4 Bf6 28.
Bg5 Bxg5 29. Qxg5 axb4 30. Qxe7 bxc3 31. Rd8+ Rxd8 32. Qxd8+ Kg7 33. bxc3 Qa2+
34. Ke3 Qxh2 35. Qd4+ Kh7 36. Qf6 Qg1+ 37. Ke2 Kg8 38. g5 h2 39. Qd8+ Kh7 40.
Qd7 Qg2+ 41. Ke3 Qxg5+ 42. Ke2 Qe5+ 0-1

[Event "38th Nezhmetdinov Mem"]
[Site "Kazan RUS"]
[Date "2016.06.06"]
[Round "7.55"]
[White "Shaidullin, Askar"]
[Black "Shipitsyna, Guzyal"]
[Result "0-1"]
[WhiteElo "1934"]
[BlackElo "1478"]
[WhiteFideId "34159662"]
[BlackFideId "24141348"]
[EventDate "2016.05.31"]

1. e4 c5 2. Nf3 e6 3. d4 cxd4 4. Nxd4 a6 5. Nc3 Nc6 6. Be2 Nf6 7. O-O Qc7 8.
Nxc6 bxc6 9. Bd3 d5 10. exd5 cxd5 11. Bg5 Bd6 12. h3 Bb7 13. Re1 h6 14. Bd2 Bc6
15. Ne2 e5 16. Nd4 O-O 17. Nf5 e4 18. Nxd6 Qxd6 19. Bf1 Rfe8 20. Be3 Qe6 21. Bd4
Bb5 22. Bxb5 axb5 23. Re3 Qf5 24. Rb3 Rac8 25. c3 Rb8 26. Bxf6 gxf6 27. Qd2 Qg5
28. Rd1 e3 29. fxe3 Rxe3 30. Qxd5 Re1+ 31. Kh2 Qf4+ 32. g3 Qf2+ 33. Qg2 Qxg2+
34. Kxg2 Rxd1 0-1

[Event "38th Nezhmetdinov Mem"]
[Site "Kazan RUS"]
[Date "2016.06.06"]
[Round "7.56"]
[White "Shafigullina, Zarina"]
[Black "Khafizov, Emir"]
[Result "1-0"]
[WhiteElo "1901"]
[BlackElo "1684"]
[WhiteFideId "24174220"]
[BlackFideId "34150355"]
[EventDate "2016.05.31"]

1. d4 d5 2. Nf3 Nf6 3. c4 c6 4. e3 e6 5. Nc3 Be7 6. Be2 Nbd7 7. O-O O-O 8. Qc2
b6 9. b3 Bb7 10. Bb2 Qc7 11. cxd5 cxd5 12. Rac1 Rac8 13. Qb1 Qb8 14. Bd3 Bd6 15.
Nb5 Be7 16. h3 a6 17. Nc3 Bd6 18. Nd2 h6 19. f4 Be7 20. Nf3 Ne8 21. g4 Nd6 22.
h4 f5 23. g5 h5 24. Ne5 Nxe5 25. fxe5 Ne4 26. Bxe4 fxe4 27. Ne2 Rxc1 28. Qxc1
Rxf1+ 29. Qxf1 Qe8 30. Nf4 Bf8 31. g6 Bc8 32. Qe2 b5 33. Qxh5 Bb4 34. Qh7+ Kf8
35. Qh8+ Ke7 36. Qxg7+ Kd8 37. Qf6+ Be7 38. Nxe6+ Bxe6 39. Qxe6 Kc7 40. g7 Qh5
41. Qxe7+ 1-0

[Event "38th Nezhmetdinov Mem"]
[Site "Kazan RUS"]
[Date "2016.06.06"]
[Round "7.57"]
[White "Dolgaeva, Evgenia"]
[Black "Safin, Robert"]
[Result "1-0"]
[WhiteElo "1879"]
[BlackElo "1581"]
[WhiteFideId "24174564"]
[BlackFideId "34189120"]
[EventDate "2016.05.31"]

1. e4 c5 2. Nf3 Nc6 3. d3 g6 4. g3 Bg7 5. Bg2 d6 6. O-O Nf6 7. h3 Bd7 8. c3 Qb6
9. Nbd2 O-O 10. Nh2 Ne5 11. f4 Nc6 12. g4 e5 13. Nc4 Qc7 14. f5 b5 15. Ne3 Rfe8
16. g5 Nh5 17. f6 Bf8 18. Nd5 Qb7 19. Qe1 b4 20. Qh4 bxc3 21. bxc3 c4 22. dxc4
Na5 23. Ng4 Be6 24. Nh6+ 1-0

[Event "38th Nezhmetdinov Mem"]
[Site "Kazan RUS"]
[Date "2016.06.06"]
[Round "7.58"]
[White "Kovaleva, Ekaterina"]
[Black "Emelianov, Fedor"]
[Result "0-1"]
[WhiteElo "1786"]
[BlackElo "2134"]
[WhiteFideId "34128252"]
[BlackFideId "24140228"]
[EventDate "2016.05.31"]

1. e4 e6 2. d4 d5 3. Nd2 dxe4 4. Nxe4 Nf6 5. Nxf6+ gxf6 6. Nf3 b6 7. Bf4 Bb7 8.
c3 Bd6 9. Bg3 c6 10. Bd3 Qc7 11. Qe2 Nd7 12. a4 O-O-O 13. Bxd6 Qxd6 14. O-O Kc7
15. a5 b5 16. c4 a6 17. Rfc1 Kb8 18. cxb5 cxb5 19. Be4 Bd5 20. Rc3 Rc8 21. Rac1
Rxc3 22. Rxc3 Rc8 23. Rxc8+ Kxc8 24. Qc2+ Kd8 25. h3 Nf8 26. Bxd5 Qxd5 27. b4
Ke7 28. Qc5+ Qd6 29. Nd2 Nd7 30. Qc3 f5 31. Nb3 Nf6 32. Nc5 Nd5 33. Qd2 Nf6 34.
Qe3 Nd5 35. Qg5+ Kf8 36. Qh6+ Kg8 37. Qg5+ Kh8 38. Qd2 f6 39. Nd3 Kg7 40. Nc5
Kg6 41. Nd3 Ne7 42. Nc5 e5 43. Nb3 Nc6 44. dxe5 Qxd2 45. Nxd2 fxe5 46. Nb3 Nxb4
47. Kf1 Nc6 48. Ke1 Kf6 49. Kd2 e4 50. f3 exf3 51. gxf3 Ke5 52. Ke3 f4+ 53. Kd3
Kd5 54. Kc3 Ne5 55. Nd2 h6 56. h4 h5 57. Ne4 Nxf3 58. Nf6+ Ke5 59. Nd7+ Kd6 60.
Nb8 Ne5 0-1

[Event "38th Nezhmetdinov Mem"]
[Site "Kazan RUS"]
[Date "2016.06.06"]
[Round "7.59"]
[White "Taipov, Ilmir"]
[Black "Novikov, Roman"]
[Result "0-1"]
[WhiteElo "1673"]
[BlackElo "1981"]
[WhiteFideId "34182893"]
[BlackFideId "24198498"]
[EventDate "2016.05.31"]

1. e4 e6 2. Nf3 d5 3. Nc3 Nf6 4. exd5 exd5 5. d3 Bb4 6. Bd2 O-O 7. Be2 Re8 8.
O-O c5 9. h3 Nc6 10. a3 Ba5 11. Na4 Bc7 12. Bg5 Qd6 13. g3 Nh5 14. Kg2 Nxg3 15.
fxg3 Qxg3+ 16. Kh1 Nd4 0-1

[Event "38th Nezhmetdinov Mem"]
[Site "Kazan RUS"]
[Date "2016.06.06"]
[Round "7.60"]
[White "Asafiev, Ignat"]
[Black "Spiridonova, Yana"]
[Result "1-0"]
[WhiteElo "1880"]
[BlackElo "1824"]
[WhiteFideId "34142573"]
[BlackFideId "24174262"]
[EventDate "2016.05.31"]

1. e4 c5 2. Nf3 Nc6 3. Bb5 d6 4. O-O a6 5. Bxc6+ bxc6 6. d4 cxd4 7. Qxd4 c5 8.
Qd3 Bb7 9. c4 Nf6 10. Nbd2 g6 11. b3 Bg7 12. Bb2 O-O 13. Rfe1 Qb8 14. Qc2 Rd8
15. Rad1 e5 16. Nb1 Bc6 17. Nc3 Qb7 18. Nd5 Nxd5 19. exd5 Bd7 20. Nd2 a5 21. Ne4
Bf8 22. f4 f6 23. fxe5 fxe5 24. Rf1 Be7 25. Bc1 Kg7 26. Qd2 g5 27. Qe2 Kg6 28.
Qe3 Bg4 29. Rde1 a4 30. Qg3 Bc8 31. Re2 axb3 32. axb3 h6 33. h4 Qc7 34. Ref2 Bd7
35. hxg5 hxg5 36. Bxg5 Bxg5 37. Rf6+ Kh5 38. Qh2+ Bh4 39. g3 1-0

[Event "38th Nezhmetdinov Mem"]
[Site "Kazan RUS"]
[Date "2016.06.06"]
[Round "7.61"]
[White "Bogatov, Bogdan"]
[Black "Gavrilin, Roman"]
[Result "1/2-1/2"]
[WhiteElo "1680"]
[BlackElo "1753"]
[WhiteFideId "34110612"]
[BlackFideId "54104564"]
[EventDate "2016.05.31"]

1. d4 d5 2. Bf4 Nf6 3. e3 e6 4. Nf3 c5 5. Nbd2 Nc6 6. c3 Bd6 7. Ne5 O-O 8. Bd3
Qc7 9. Ndf3 b6 10. h3 Bb7 11. O-O Rac8 12. Re1 h6 13. Bh2 Nd7 14. Nxd7 Bxh2+ 15.
Nxh2 Qxd7 16. Nf3 Qc7 17. Bb5 Ne7 18. Bd3 a6 19. Bc2 c4 20. Rc1 Nc6 21. e4 dxe4
22. Bxe4 Ne7 23. Bxb7 Qxb7 24. Ne5 Nd5 25. Qg4 Nf6 26. Qh4 Qd5 27. Re3 Nd7 28.
Nxd7 Qxd7 29. Rce1 Qd8 30. Qf4 Qc7 31. Qh4 Kh8 32. Rg3 Qd8 33. Qg4 Rg8 34. Qh5
Qd7 35. Rf3 Rgf8 36. Rg3 Kh7 37. Re4 g6 38. Qe2 Qa4 39. a3 Qd7 40. h4 h5 41.
Rge3 Qd8 42. g3 b5 43. Re5 Kg7 44. R3e4 Rh8 45. Kg2 Qd6 46. Kf1 Qc6 47. Kg1 Rcd8
48. Rc5 1/2-1/2

[Event "38th Nezhmetdinov Mem"]
[Site "Kazan RUS"]
[Date "2016.06.06"]
[Round "7.62"]
[White "Murzaev, Danil"]
[Black "Pavlova, Nataliy"]
[Result "0-1"]
[WhiteElo "1578"]
[BlackElo "2010"]
[WhiteFideId "34142727"]
[BlackFideId "24135615"]
[EventDate "2016.05.31"]

1. d4 d5 2. c4 c6 3. Nc3 Nf6 4. Nf3 e6 5. cxd5 exd5 6. Bf4 Bd6 7. Bxd6 Qxd6 8.
a3 O-O 9. e3 h6 10. Bd3 Bg4 11. h3 Bh5 12. O-O Nbd7 13. Be2 Ne4 14. Nd2 Bxe2 15.
Qxe2 f5 16. Ncxe4 fxe4 17. Rac1 c5 18. dxc5 Nxc5 19. f3 exf3 20. Rxf3 Rxf3 21.
Nxf3 Ne4 22. Nd4 Ng3 23. Qg4 h5 24. Qd1 Qe5 25. Qd3 Kh8 26. b4 Rf8 27. Nf3 Qb2
28. Rb1 Qa2 29. Qb3 Qe2 30. Qc3 Qxf3 31. gxf3 Ne2+ 32. Kf2 Nxc3 0-1

[Event "38th Nezhmetdinov Mem"]
[Site "Kazan RUS"]
[Date "2016.06.06"]
[Round "7.63"]
[White "Lenkova, Lidiya"]
[Black "Shevtsov, Mikhail"]
[Result "1/2-1/2"]
[WhiteElo "1518"]
[BlackElo "1728"]
[WhiteFideId "54102740"]
[BlackFideId "54106931"]
[EventDate "2016.05.31"]

1. c4 c6 2. Nf3 d5 3. b3 Bg4 4. e3 d4 5. h3 Bxf3 6. Qxf3 Nf6 7. Bb2 e5 8. exd4
exd4 9. Be2 Bc5 10. O-O O-O 11. Na3 Qa5 12. Nc2 Qxd2 13. Bd3 Nbd7 14. Rfd1 Qg5
15. Bxd4 Bxd4 16. Nxd4 Ne5 17. Qf5 Qxf5 18. Bxf5 g6 19. Bc2 Rad8 20. Ne2 c5 21.
f4 Nc6 22. a3 Rfe8 23. Kf2 Nh5 24. g3 Kg7 25. Rd5 Rxd5 26. cxd5 Nd4 27. Nxd4
cxd4 28. Rd1 Rd8 29. Rxd4 Nf6 30. d6 Ne8 31. d7 Nf6 32. Be4 Nxe4+ 33. Rxe4 Rxd7 1/2-1/2

[Event "38th Nezhmetdinov Mem"]
[Site "Kazan RUS"]
[Date "2016.06.06"]
[Round "7.64"]
[White "Kamalutdinov, Rahim"]
[Black "Talipov, Vitaly"]
[Result "0-1"]
[WhiteElo "1368"]
[BlackElo "1616"]
[WhiteFideId "24180769"]
[BlackFideId "54123798"]
[EventDate "2016.05.31"]

1. d4 c5 2. Nf3 Nf6 3. e3 e6 4. Bd3 d5 5. c3 c4 6. Bc2 Nc6 7. O-O Bd6 8. h3 h6
9. Re1 Bd7 10. Ba4 Qc7 11. Bxc6 Bxc6 12. Nbd2 g5 13. b4 b5 14. Kf1 Ne4 15. Nxe4
dxe4 16. Nd2 h5 17. f3 f5 18. fxe4 fxe4 19. Qc2 Bg3 20. Re2 Qf7+ 21. Kg1 Rf8 22.
Bb2 O-O-O 23. Rf1 Qg6 24. Rxf8 Rxf8 25. Qd1 g4 26. Nf1 gxh3 27. gxh3 Bf2+ 28.
Kh2 Qg1# 0-1

[Event "38th Nezhmetdinov Mem"]
[Site "Kazan RUS"]
[Date "2016.06.07"]
[Round "8.1"]
[White "Pridorozhni, Aleksei"]
[Black "Harutyunian, Tigran K."]
[Result "1-0"]
[WhiteTitle "GM"]
[BlackTitle "IM"]
[WhiteElo "2552"]
[BlackElo "2452"]
[WhiteFideId "4127870"]
[BlackFideId "13303635"]
[EventDate "2016.05.31"]

1. e4 e5 2. Nf3 Nc6 3. d4 exd4 4. Nxd4 Bc5 5. Nxc6 Qf6 6. Qf3 bxc6 7. Nd2 d6 8.
Nb3 Bb6 9. Bd2 Qxf3 10. gxf3 Ne7 11. a4 a5 12. Be3 Bxe3 13. fxe3 f5 14. Rg1 g6
15. O-O-O fxe4 16. fxe4 O-O 17. Rg5 c5 18. e5 Be6 19. exd6 cxd6 20. Bg2 Ra6 21.
Nd2 Kg7 22. Bf1 Rb6 23. Bb5 Nf5 24. Rgg1 Rf7 25. c3 Nh4 26. Ne4 Nf5 27. Nd2 Nh4
28. Rdf1 Rxf1+ 29. Rxf1 Nf5 30. Re1 Rb8 31. e4 Nh4 32. e5 Rd8 33. exd6 Rxd6 34.
Ne4 Rd5 35. Nxc5 Rxc5 36. Rxe6 h5 37. Rc6 Rg5 38. b4 axb4 39. cxb4 Nf3 40. Bd3
Rg4 41. Rc4 Rg1+ 42. Kb2 Ne5 43. Rc7+ Kf6 44. Bb5 Rg2+ 45. Kb3 Rxh2 46. a5 Nf3
47. Rd7 Nd2+ 48. Ka4 Ke6 49. Rd3 Ne4 50. Bc4+ Ke5 51. a6 Nd6 52. Rxd6 Kxd6 53.
a7 Rh1 54. Ka3 1-0

[Event "38th Nezhmetdinov Mem"]
[Site "Kazan RUS"]
[Date "2016.06.07"]
[Round "8.2"]
[White "Kokarev, Dmitry"]
[Black "Lintchevski, Daniil"]
[Result "1/2-1/2"]
[WhiteTitle "GM"]
[BlackTitle "GM"]
[WhiteElo "2622"]
[BlackElo "2566"]
[WhiteFideId "4132181"]
[BlackFideId "4171055"]
[EventDate "2016.05.31"]

1. e4 c6 2. d4 d5 3. Nc3 dxe4 4. Nxe4 Bf5 5. Ng3 Bg6 6. h4 h6 7. Nf3 e6 8. Ne5
Bh7 9. Bd3 Bxd3 10. Qxd3 Nd7 11. f4 Be7 12. Bd2 Nxe5 13. fxe5 Bxh4 14. O-O-O
Bxg3 15. Qxg3 Ne7 16. Bb4 Nf5 17. Qf4 Qd7 18. g4 Ne7 19. Bd6 Nc8 20. Bc5 b6 21.
Ba3 Ne7 22. Rh3 Rd8 23. Rf1 Rf8 24. c3 Qd5 25. g5 hxg5 26. Qxg5 c5 27. Qxg7 Nf5
28. Qg1 Kd7 29. dxc5 Rg8 30. Qh1 Qxh1 31. Rfxh1 Kc6 32. cxb6 axb6 33. Rh7 Rd7
34. R7h2 Rg3 35. Re1 Rdd3 36. Bb4 Rde3 37. Rxe3 Nxe3 38. b3 b5 39. Rd2 Nd5 40.
Kb2 Nxb4 41. cxb4 Re3 42. Rc2+ 1/2-1/2

[Event "38th Nezhmetdinov Mem"]
[Site "Kazan RUS"]
[Date "2016.06.07"]
[Round "8.3"]
[White "Smirnov, Pavel"]
[Black "Predke, Alexandr"]
[Result "1-0"]
[WhiteTitle "GM"]
[WhiteElo "2564"]
[BlackElo "2535"]
[WhiteFideId "4123425"]
[BlackFideId "24107581"]
[EventDate "2016.05.31"]

1. Nf3 d5 2. d4 Nf6 3. c4 e6 4. Nc3 Bb4 5. Bg5 h6 6. Bxf6 Qxf6 7. e3 O-O 8. Rc1
dxc4 9. Bxc4 c5 10. O-O cxd4 11. Ne4 Qe7 12. Nxd4 Bd7 13. Be2 Nc6 14. a3 Nxd4
15. Qxd4 Ba5 16. Qc5 Qd8 17. Rfd1 Bb6 18. Qb4 Rc8 19. Ra1 Qc7 20. Nd6 Bc5 21.
Qxb7 Ba4 22. Qxc7 Rxc7 23. Rd3 Rd8 24. Ne4 Rxd3 25. Bxd3 Be7 26. Kf1 f5 27. Nc3
Bb3 28. Nb5 Rd7 29. Ke2 Bf6 30. Rc1 Bd5 31. b4 Bxg2 32. Rc7 Rxc7 33. Nxc7 Be5
34. Nxe6 Bxh2 35. f3 Bh3 36. Nf4 Bxf4 37. exf4 g5 38. Kf2 gxf4 39. Kg1 Kf7 40.
b5 Ke6 41. a4 Kd6 42. a5 Kc7 43. Kh2 Bg4 44. fxg4 fxg4 45. Bf5 h5 46. Bg6 Kd6
47. Bxh5 Kc5 48. Be8 f3 49. b6 f2 50. Kg2 axb6 51. a6 Kd5 1-0

[Event "38th Nezhmetdinov Mem"]
[Site "Kazan RUS"]
[Date "2016.06.07"]
[Round "8.4"]
[White "Baghdasaryan, Vahe"]
[Black "Shomoev, Anton"]
[Result "1-0"]
[WhiteTitle "IM"]
[BlackTitle "GM"]
[WhiteElo "2441"]
[BlackElo "2553"]
[WhiteFideId "13303139"]
[BlackFideId "4135148"]
[EventDate "2016.05.31"]

1. e4 c5 2. Nf3 Nc6 3. d4 cxd4 4. Nxd4 Nf6 5. Nc3 e5 6. Ndb5 d6 7. Bg5 a6 8. Na3
b5 9. Nd5 Be7 10. Bxf6 Bxf6 11. c3 O-O 12. Nc2 Be6 13. a4 Ne7 14. Nxf6+ gxf6 15.
Bd3 bxa4 16. O-O Rb8 17. Rxa4 Rxb2 18. Rxa6 Qc7 19. Ne3 Qxc3 20. Bc2 Rc8 21.
Rxd6 Kg7 22. Ba4 Qb4 23. Rxe6 fxe6 24. Qg4+ Kh8 25. Qxe6 Rf8 26. Bc2 Qc5 27. Bb3
Nc6 28. Bd5 Nd4 29. Qg4 Qa7 30. Kh1 Qg7 31. Qd1 Qc7 32. g3 Rfb8 33. h4 Qd7 34.
Kg2 Rc8 35. Qh5 Ne2 36. Nf5 Rc3 37. Qh6 Rxg3+ 38. fxg3 Nf4+ 39. Kh1 Ng6 40. Ra1
Rb8 41. h5 1-0

[Event "38th Nezhmetdinov Mem"]
[Site "Kazan RUS"]
[Date "2016.06.07"]
[Round "8.5"]
[White "Bocharov, Dmitry"]
[Black "Gabrielian, Artur"]
[Result "1-0"]
[WhiteTitle "GM"]
[BlackTitle "GM"]
[WhiteElo "2597"]
[BlackElo "2520"]
[WhiteFideId "4138716"]
[BlackFideId "4131002"]
[EventDate "2016.05.31"]

1. d4 Nf6 2. c4 g6 3. f3 Bg7 4. e4 d6 5. Nc3 O-O 6. Be3 Nc6 7. Nge2 a6 8. Qd2
Rb8 9. Rc1 Qd7 10. Nd1 b5 11. c5 dxc5 12. Rxc5 Bb7 13. Nf2 Rfd8 14. Nd3 Ne8 15.
e5 f6 16. f4 e6 17. Rc2 Bf8 18. Rg1 b4 19. g4 a5 20. Nc5 Bxc5 21. Rxc5 a4 22.
Rg3 Ba6 23. Bg2 Ne7 24. Bf2 Rb5 25. Qc2 Rxc5 26. Qxc5 Rb8 27. Ng1 b3 28. a3 Bb7
29. Nf3 Nd5 30. Qc1 Qc6 31. Qxc6 Bxc6 32. Nd2 Rb6 33. Bxd5 Bxd5 34. Rc3 c6 35.
Nc4 Ra6 36. Bh4 Kf7 37. exf6 Nxf6 38. Ne5+ Kg7 39. Bxf6+ Kxf6 40. Kf2 h6 41. h4
Kg7 42. Kg3 Ra7 43. Rc1 Ra6 44. g5 hxg5 45. fxg5 Ra7 46. Rf1 Rc7 47. Rf6 c5 48.
Rxg6+ Kh7 49. dxc5 Rxc5 50. Rh6+ Kg7 51. Rg6+ Kh7 52. Rf6 Rc2 53. Rf2 Rc1 54.
g6+ Kh6 55. Rf7 1-0

[Event "38th Nezhmetdinov Mem"]
[Site "Kazan RUS"]
[Date "2016.06.07"]
[Round "8.7"]
[White "Iljiushenok, Ilia"]
[Black "Timofeev, Artyom"]
[Result "1/2-1/2"]
[WhiteTitle "IM"]
[BlackTitle "GM"]
[WhiteElo "2499"]
[BlackElo "2598"]
[WhiteFideId "24105074"]
[BlackFideId "4140419"]
[EventDate "2016.05.31"]

1. d4 d5 2. c4 e6 3. Nc3 c6 4. e3 Nf6 5. Nf3 Nbd7 6. Bd3 dxc4 7. Bxc4 b5 8. Bd3
Bb7 9. e4 b4 10. Na4 c5 11. e5 Nd5 12. O-O cxd4 13. Re1 Be7 14. Nxd4 O-O 15. Qg4
Re8 16. Bh6 Bf8 17. Bb5 a6 18. Bxd7 Qxd7 19. Nc5 f5 20. exf6 Nxf6 21. Nxd7 Nxg4
22. Nxe6 Bd6 23. Bf4 Rxe6 24. Rxe6 Bxf4 25. h3 Nh6 26. Rb6 Bc8 27. Rxb4 Bd6 28.
Nb6 Rb8 29. Rc4 Rxb6 30. Rxc8+ Kf7 31. b3 Nf5 32. Rd1 h5 33. g3 h4 34. gxh4 Nxh4
35. Rd3 Ng6 36. Rdc3 Ne7 37. R8c4 Be5 38. Re3 Kf6 39. Re2 Rd6 40. f4 Bd4+ 1/2-1/2